<?xml version="1.0" encoding="UTF-8"?>
<record
    xmlns:xsi="http://www.w3.org/2001/XMLSchema-instance"
    xsi:schemaLocation="http://www.loc.gov/MARC21/slim http://www.loc.gov/standards/marcxml/schema/MARC21slim.xsd"
    xmlns="http://www.loc.gov/MARC21/slim">

  <leader>00913nam a2200229 i 4500</leader>
  <controlfield tag="001">178975</controlfield>
  <controlfield tag="003">ES-MaACL</controlfield>
  <controlfield tag="005">20251109120945.0</controlfield>
  <controlfield tag="008">110816s1904    fr           |||| | fre d</controlfield>
  <datafield tag="245" ind1="0" ind2="4">
    <subfield code="a">Les applications sociales de la solidarit&#xE9; </subfield>
    <subfield code="b">: le&#xE7;ons profess&#xE9;es &#xE0; l'&#xC9;cole des Hautes &#xC9;tudes Sociales / </subfield>
    <subfield code="c">par P. Budin,... Ch. Gide,... H. Monod,... [et al.] ; pr&#xE9;face de M. L&#xE9;on Bourgeois.</subfield>
  </datafield>
  <datafield tag="260" ind1=" " ind2=" ">
    <subfield code="a">Paris : </subfield>
    <subfield code="b">F&#xE9;lix Alcan, </subfield>
    <subfield code="c">1904.</subfield>
  </datafield>
  <datafield tag="300" ind1=" " ind2=" ">
    <subfield code="a">XXII, 261 p. : </subfield>
    <subfield code="b">il. ; </subfield>
    <subfield code="c">22 cm.</subfield>
  </datafield>
  <datafield tag="490" ind1="1" ind2=" ">
    <subfield code="a">Biblioth&#xE8;que g&#xE9;n&#xE9;rale des sciences sociales ; </subfield>
    <subfield code="v">22</subfield>
  </datafield>
  <datafield tag="650" ind1="0" ind2="4">
    <subfield code="a">Solidaridad.</subfield>
    <subfield code="9">17226</subfield>
  </datafield>
  <datafield tag="700" ind1="1" ind2=" ">
    <subfield code="a">Budin, Pierre.</subfield>
    <subfield code="9">126223</subfield>
  </datafield>
  <datafield tag="700" ind1="1" ind2=" ">
    <subfield code="a">Gide, Charles.</subfield>
    <subfield code="9">56675</subfield>
  </datafield>
  <datafield tag="700" ind1="1" ind2=" ">
    <subfield code="a">Monod, Henri, </subfield>
    <subfield code="d">1843-1911</subfield>
    <subfield code="9">147616</subfield>
  </datafield>
  <datafield tag="700" ind1="0" ind2=" ">
    <subfield code="a">Bourgeois, L&#xE9;on.</subfield>
    <subfield code="9">30985</subfield>
  </datafield>
  <datafield tag="830" ind1="0" ind2="0">
    <subfield code="a">Biblioth&#xE8;que g&#xE9;n&#xE9;rale des sciences sociales</subfield>
    <subfield code="v">22</subfield>
    <subfield code="9">187778</subfield>
  </datafield>
  <datafield tag="852" ind1=" " ind2=" ">
    <subfield code="a">ES-MaACL</subfield>
    <subfield code="j">C-23102</subfield>
  </datafield>
  <datafield tag="999" ind1=" " ind2=" ">
    <subfield code="c">178975</subfield>
    <subfield code="d">178975</subfield>
  </datafield>
  <datafield tag="952" ind1=" " ind2=" ">
    <subfield code="0">0</subfield>
    <subfield code="1">0</subfield>
    <subfield code="4">0</subfield>
    <subfield code="7">0</subfield>
    <subfield code="a">ATENEOM</subfield>
    <subfield code="b">ATENEOM</subfield>
    <subfield code="c">DEPO2</subfield>
    <subfield code="d">2011-08-16</subfield>
    <subfield code="e">SC</subfield>
    <subfield code="l">0</subfield>
    <subfield code="o">C-23102</subfield>
    <subfield code="p">1188002</subfield>
    <subfield code="r">2023-02-23 00:00:00</subfield>
    <subfield code="w">2023-02-23</subfield>
    <subfield code="y">MONOGRAFIA</subfield>
  </datafield>
</record>
